Antología literaria de ABC (Record no. 24636)

MARC details
000 -LEADER
campo de control de longitud fija 00590nam a2200169 i 4500
001 - NÚMERO DE CONTROL
campo de control 24636
003 - IDENTIFICADOR DE NÚMERO DE CONTROL
campo de control ES-MaACL
007 - CAMPO FIJO DE DESCRIPCIÓN FÍSICA--INFORMACIÓN GENERAL
campo de control de longitud fija t|
008 - DATOS DE LONGITUD FIJA--INFORMACIÓN GENERAL
campo de control de longitud fija 021218s1955 sp ||||1| spa d
245 00 - MENCIÓN DEL TÍTULO
Título Antología literaria de ABC
Resto del título : el artículo 1905-1955 /
Mención de responsabilidad, etc. selección Jaime Ballesté ; estudio premilinar Gonzalo Fernández de la Mora.
260 ## - PUBLICACIÓN, DISTRIBUCIÓN, ETC.
Lugar de publicación, distribución, etc. Madrid :
Nombre del editor, distribuidor, etc. Prensa Española,
Fecha de publicación, distribución, etc. 1955.
300 ## - DESCRIPCIÓN FÍSICA
Extensión XXV, 485 p. ;
Dimensiones 22 cm.
700 1# - ENTRADA AGREGADA--NOMBRE PERSONAL
Nombre de persona Ballesté, Jaime.
9 (RLIN) 24995
700 1# - ENTRADA AGREGADA--NOMBRE PERSONAL
Nombre de persona Fernández de la Mora, Gonzalo.
9 (RLIN) 49670
852 ## - LOCALIZACIÓN
Ubicación ES-MaACL
Número de control de estantería C-9792
Sublocalización o colección R.37629
852 ## - LOCALIZACIÓN
Ubicación ES-MaACL
Número de control de estantería E-5372
Sublocalización o colección R.89610
Holdings
Estatus retirado Estado de pérdida Estado de daño No para préstamo Biblioteca de origen Biblioteca actual Ubicación en estantería Fecha de adquisición Fuente de adquisición Total de préstamos Signatura topográfica completa Código de barras Visto por última vez Precio de reemplazo Tipo de ítem Koha
        Biblioteca del Ateneo de Madrid Biblioteca del Ateneo de Madrid Depósito 2 17/01/2008     E-5372 1025401 23/02/2023 23/02/2023 Libro impreso
        Biblioteca del Ateneo de Madrid Biblioteca del Ateneo de Madrid Sala Palomar 17/01/2008     C-9792 1025400 23/02/2023 23/02/2023 Libro impreso